000 00882nmc a2200337 a 4500
003 AR-BaBNM
005 20251128211120.0
008 052120s1999 ||||||||||||||000 | spa||
020 _a950-23-0972-3
040 _cAR-BaBNM
100 1 _aPaiva, Roberto
245 1 0 _aLos espacios sociales
250 _a1ª ed.
260 _aBuenos Aires
_bEudeba
_c1999
300 0 _a92 p.
490 0 _aMateriales de Cátedra
504 _aBibliografía en p. 63 y 73
650 4 _aCIENCIAS SOCIALES
650 4 _aINTERDISCIPLINARIEDAD
650 4 _aINVESTIGACION EN CIENCIAS SOCIALES
650 4 _aINSTITUCIONES SOCIALES
650 4 _aPRISIONES
650 4 _aANTROPOLOGIA
650 4 _aSEMIOTICA
650 4 _aMETODOLOGIA DE LA INVESTIGACION
700 1 _aMolina, Marta
700 1 _aCordoba, Sergio
700 1 _aLalanne, Mónica
942 _cBK
998 _cAlicia
999 _c18298
_d18298